Countries that Visit the UK the Most - Statistics

General Stats
  • This quiz has been taken 75,617 times
    39,796 since last reset
  • The average score is 16 of 18
Answer Stats
# Visits Country % Correct
3.17 m France
99%
5.12 m United States
99%
2.96 m Germany
97%
2.21 m Spain
97%
1.00 m Canada
93%
1.70 m Italy
93%
0.689 m China
92%
2.89 m Ireland
89%
1.96 m Netherlands
87%
0.674 m Sweden
87%
0.629 m India
86%
0.604 m Norway
86%
1.17 m Australia
85%
1.63 m Poland
85%
0.867 m Belgium
84%
0.653 m Denmark
77%
0.968 m Switzerland
72%
0.805 m Romania
45%
No matching quizzes found
Score Distribution
Percent of People with Each Score
Percentile by Number Answered
Your Score History
You have not taken this quiz since the last reset